000 00452nam a2200181Ia 4500
001 15359
005 20260306170150.0
008 260306t1989||||xx |||||||||||||| ||und||
041 _aESP
082 _a532.076
_bE393
100 _aEvett, Jack B.
_eAUT
245 0 _a2500 solved problems in fluid mechanics and hydraulics
260 _c1989
300 _ax, 785 páginas :
_c28 cm.
650 _aGEN
654 _aCCN
942 _cLIB
_dJUS
_fJUS
_2ddc
_n
999 _c15359
_d15359